<?xml version="1.0" encoding="UTF-8"?>
<record
    xmlns:xsi="http://www.w3.org/2001/XMLSchema-instance"
    xsi:schemaLocation="http://www.loc.gov/MARC21/slim http://www.loc.gov/standards/marcxml/schema/MARC21slim.xsd"
    xmlns="http://www.loc.gov/MARC21/slim">

  <leader>00740nab a2200229 uc4500</leader>
  <controlfield tag="001">691292</controlfield>
  <controlfield tag="005">20250226091914.0</controlfield>
  <controlfield tag="008">010913m01uu1998                    spa  </controlfield>
  <datafield tag="035" ind1=" " ind2=" ">
    <subfield code="a">691292</subfield>
  </datafield>
  <datafield tag="035" ind1=" " ind2=" ">
    <subfield code="a">(OCoLC)819916163</subfield>
  </datafield>
  <datafield tag="040" ind1=" " ind2=" ">
    <subfield code="c">comduadb</subfield>
  </datafield>
  <datafield tag="041" ind1=" " ind2=" ">
    <subfield code="a">spa</subfield>
  </datafield>
  <datafield tag="100" ind1="1" ind2="0">
    <subfield code="a">Burgos de Ortiz, Myriam</subfield>
    <subfield code="4">aut</subfield>
    <subfield code="e">aut</subfield>
    <subfield code="9">501031</subfield>
  </datafield>
  <datafield tag="245" ind1="1" ind2="0">
    <subfield code="a">Escuela : procesos textuales y construccion de democracia</subfield>
  </datafield>
  <datafield tag="650" ind1=" " ind2="7">
    <subfield code="a">Lectura</subfield>
    <subfield code="2">lemb</subfield>
    <subfield code="9">3084</subfield>
  </datafield>
  <datafield tag="650" ind1=" " ind2="7">
    <subfield code="a">Escritura</subfield>
    <subfield code="2">lemb</subfield>
    <subfield code="9">3085</subfield>
  </datafield>
  <datafield tag="650" ind1=" " ind2="7">
    <subfield code="a">Escritura</subfield>
    <subfield code="2">lemb</subfield>
    <subfield code="9">3085</subfield>
  </datafield>
  <datafield tag="650" ind1=" " ind2="0">
    <subfield code="a">Democracia y educaci&#xF3;n</subfield>
    <subfield code="9">11647</subfield>
  </datafield>
  <datafield tag="650" ind1=" " ind2="7">
    <subfield code="a">Relaciones sociales</subfield>
    <subfield code="2">lemb</subfield>
    <subfield code="9">65035</subfield>
  </datafield>
  <datafield tag="773" ind1="0" ind2=" ">
    <subfield code="t">Revista Gesti&#xF3;n y Desarrollo (Cali)</subfield>
    <subfield code="g">N&#xFA;mero 01, Enero-Junio 1998, p. 27-40</subfield>
    <subfield code="w">284051</subfield>
    <subfield code="x">0123-5834</subfield>
    <subfield code="0">97902</subfield>
  </datafield>
  <datafield tag="942" ind1=" " ind2=" ">
    <subfield code="c">ARIMP</subfield>
  </datafield>
  <datafield tag="999" ind1=" " ind2=" ">
    <subfield code="c">212510</subfield>
    <subfield code="d">212510</subfield>
  </datafield>
</record>
